[Event "Goa op 1st"]
[Site "Taleigao"]
[Date "2018.10.13"]
[Round "1"]
[White "Shuban, Saha"]
[Black "Bakunts, Rafael"]
[Result "0-1"]
[WhiteElo "1916"]
[BlackElo "2427"]
[PlyCount "80"]
[EventDate "2018.10.13"]
[EventType "swiss"]
[EventRounds "10"]
[EventCountry "IND"]
[SourceTitle "CBM 186 Extra"]
[Source "ChessBase"]
[SourceDate "2018.08.24"]
[SourceVersion "1"]
[SourceVersionDate "2018.08.24"]
[SourceQuality "1"]

1. Nf3 Nf6 2. g3 g6 3. Bg2 Bg7 4. 0-0 0-0 5. d4 d6 6. b3 Nbd7 7. Bb2 e5 8. dxe5 Ng4 9. Nbd2 Ndxe5 10. Qc1 Re8 11. e3 a5 12. a4 h5 13. h3 Nxf3+ 14. Nxf3 Nf6 15. c4 Ne4 16. Bxg7 Kxg7 17. Qc2 Qf6 18. Nd4 Nc5 19. Rad1 Bf5 20. Nxf5+ Qxf5 21. Qxf5 gxf5 22. h4 Ra6 23. Rd5 Rb6 24. Rxf5 Re5 25. Rxe5 dxe5 26. Rd1 c6 27. Bf3 Rxb3 28. Bxh5 Ra3 29. f4 Rxe3 30. Kf2 exf4 31. gxf4 Rh3 32. Bf3 Rxh4 33. Rg1+ Kf6 34. Rg5 b6 35. Kg3 Rxf4 36. Kxf4 Ne6+ 37. Kg4 Nxg5 38. Bxc6 Ne6 39. Be8 Nc7 40. Bd7 Ke5 0-1

[Event "IND-ch U15"]
[Site "Kolkata"]
[Date "2018.07.23"]
[Round "9"]
[White "Shuban, Saha"]
[Black "Rakshith, Srinivasan"]
[Result "1-0"]
[WhiteElo "1966"]
[BlackElo "1736"]
[PlyCount "207"]
[EventDate "2018.07.17"]
[EventType "swiss"]
[EventRounds "11"]
[EventCountry "IND"]
[SourceTitle "CBM 186 Extra"]
[Source "ChessBase"]
[SourceDate "2018.08.24"]
[SourceVersion "1"]
[SourceVersionDate "2018.08.24"]
[SourceQuality "1"]

1. Nf3 Nf6 2. b3 g6 3. Bb2 Bg7 4. g3 0-0 5. Bg2 d6 6. d4 Nbd7 7. 0-0 c5 8. c4 a6 9. Nbd2 Qc7 10. Qc2 cxd4 11. Nxd4 e5 12. N4f3 d5 13. e3 Ne4 14. Rac1 Nxd2 15. Qxd2 dxc4 16. Rxc4 Qb8 17. Ba3 Re8 18. Rfc1 Bf8 19. Bxf8 Nxf8 20. Ng5 Be6 21. Rc7 Ra7 22. Ne4 Rd8 23. Qc3 Nd7 24. Rd1 b6 25. Rxa7 Qxa7 26. Nf6+ Kf8 27. Nxd7+ Rxd7 28. Rxd7 Qxd7 29. Qb4+ Kg7 30. Qxb6 Qd1+ 31. Bf1 Bd5 32. e4 Bxe4 33. Qe3 f5 34. b4 h5 35. a3 Kh7 36. Qe2 Qb3 37. Qe3 Qd1 38. Qa7+ Kh6 39. Qe3+ Kh7 40. h4 Kg7 41. Qe2 Qb3 42. Qe3 Qd1 43. Qa7+ Kh6 44. Qb8 Kh7 45. Qc7+ Kg8 46. Qc4+ Kg7 47. Qe2 Qb3 48. f3 Bxf3 49. Qxe5+ Kh7 50. Qc7+ Kh6 51. Qf4+ Kh7 52. Kf2 Be4 53. Qc7+ Kh6 54. Qc1+ Kh7 55. Qe3 Qa2+ 56. Be2 Qa1 57. Qa7+ Kh6 58. Qe3+ Kh7 59. Bxa6 Qh1 60. Ke2 Qa1 61. Kf2 Qh1 62. Ke2 Qa1 63. Kf2 Qh1 64. Bf1 Qh2+ 65. Ke1 Qb2 66. b5 Qc2 67. Qd2 Qb3 68. Qd7+ Kh6 69. Qd2+ Kh7 70. Qd7+ Kh6 71. Qd6 Qe3+ 72. Be2 Qg1+ 73. Kd2 Qb1 74. b6 Qb3 75. Qf4+ Kh7 76. Qc7+ Kh6 77. Qf4+ Kh7 78. Qe3 Qd5+ 79. Ke1 Qc6 80. Kf2 Kg7 81. Qd4+ Kh7 82. Qe3 Kg8 83. Qb3+ Kg7 84. b7 Qc5+ 85. Kf1 Qc1+ 86. Bd1 Bxb7 87. Qxb7+ Kh6 88. Qf3 Qc4+ 89. Kg2 Qa2+ 90. Be2 Qc2 91. a4 Qa2 92. Qf4+ Kh7 93. Qc7+ Kh6 94. Qc4 Qa3 95. Kh2 Qa1 96. Bf3 Qa3 97. Bg2 Qa1 98. Qg8 Qe5 99. Qd5 Qe1 100. a5 f4 101. Qg5+ Kh7 102. gxf4 Qa1 103. Be4 Qa2+ 104. Qg2 1-0

[Event "IND-ch U17"]
[Site "Saravanampatty"]
[Date "2017.10.29"]
[Round "8"]
[White "Suthershun, A."]
[Black "Shuban, Saha"]
[Result "1/2-1/2"]
[WhiteElo "1634"]
[BlackElo "1796"]
[PlyCount "31"]
[EventDate "2017.10.24"]
[EventType "swiss"]
[EventRounds "11"]
[EventCountry "IND"]
[SourceTitle "CBM 181 Extra"]
[Source "ChessBase"]
[SourceDate "2017.12.12"]
[SourceVersion "1"]
[SourceVersionDate "2017.12.12"]
[SourceQuality "1"]

1. e4 c5 2. Nf3 Nc6 3. d4 cxd4 4. Nxd4 Nf6 5. Nc3 e5 6. Ndb5 d6 7. Bg5 a6 8. Na3 b5 9. Bxf6 gxf6 10. Nd5 Bg7 11. c3 Ne7 12. Nc2 Be6 13. Nce3 Nxd5 14. Nxd5 f5 15. exf5 Bxf5 16. Qf3 1/2-1/2

[Event "IND-ch U17"]
[Site "Saravanampatty"]
[Date "2017.10.28"]
[Round "7"]
[White "Mitrabha, Guha"]
[Black "Shuban, Saha"]
[Result "1-0"]
[WhiteElo "2328"]
[BlackElo "1796"]
[PlyCount "99"]
[EventDate "2017.10.24"]
[EventType "swiss"]
[EventRounds "11"]
[EventCountry "IND"]
[SourceTitle "CBM 181 Extra"]
[Source "ChessBase"]
[SourceDate "2017.12.12"]
[SourceVersion "1"]
[SourceVersionDate "2017.12.12"]
[SourceQuality "1"]

1. Nf3 Nf6 2. b3 e6 3. Bb2 Be7 4. c4 b6 5. g3 Bb7 6. Bg2 0-0 7. 0-0 c5 8. d3 d5 9. Ne5 Qc7 10. Nd2 Nc6 11. Ndf3 d4 12. Nxc6 Bxc6 13. e4 Nd7 14. Nd2 f5 15. Qe2 f4 16. Nf3 Ne5 17. Rae1 Nxf3+ 18. Bxf3 e5 19. Bc1 Bg5 20. Bg4 Qe7 21. Qd1 g6 22. h4 Bh6 23. Kg2 Bd7 24. Bxd7 Qxd7 25. Rh1 f3+ 26. Kh2 Bxc1 27. Qxc1 Qg7 28. Qg5 h6 29. Qg4 Rf6 30. Rb1 a5 31. a3 Kh7 32. Rb2 Qe7 33. Rhb1 h5 34. Qg5 Re6 35. b4 Qxg5 36. hxg5 axb4 37. axb4 Ra3 38. bxc5 bxc5 39. Rb7+ Kg8 40. Rc7 Re8 41. Rb6 Rxd3 42. Rxg6+ Kh8 43. Rh6+ Kg8 44. g4 hxg4 45. Kg3 Rd1 46. Kxg4 Rg1+ 47. Kf5 d3 48. Kf6 Re6+ 49. Kxe6 d2 50. Kf6 1-0

[Event "IND-ch U13"]
[Site "Gujarath"]
[Date "2016.07.30"]
[Round "11"]
[White "Shuban, Saha"]
[Black "Alok, Sinha"]
[Result "1/2-1/2"]
[WhiteElo "1768"]
[BlackElo "1822"]
[PlyCount "74"]
[EventDate "2016.07.22"]
[EventType "swiss"]
[EventRounds "11"]
[EventCountry "IND"]
[SourceTitle "EXT 2017"]
[Source "ChessBase"]
[SourceDate "2016.10.25"]
[SourceVersion "1"]
[SourceVersionDate "2016.10.25"]
[SourceQuality "1"]

1. e4 c5 2. Nf3 d6 3. d4 cxd4 4. Nxd4 Nf6 5. Nc3 g6 6. h3 Nc6 7. Nde2 Bg7 8. g4 0-0 9. Bg2 Be6 10. Nd5 Ne5 11. 0-0 Rc8 12. c3 Nxd5 13. exd5 Bd7 14. Nd4 b5 15. Bf4 Qb6 16. Be3 Qb7 17. Qe2 b4 18. Rfc1 bxc3 19. bxc3 h6 20. Rab1 Qc7 21. Qa6 Qc4 22. Qxc4 Nxc4 23. Rb7 Nxe3 24. fxe3 Rfd8 25. Rxa7 Ra8 26. Rxa8 Rxa8 27. Rc2 Ra3 28. Nc6 e6 29. c4 Rxe3 30. a4 Ra3 31. a5 Kf8 32. Rc1 Ke8 33. Rb1 Bxc6 34. dxc6 Kd8 35. Rb8+ Kc7 36. Rb7+ Kc8 37. Rxf7 Bd4+ 1/2-1/2

[Event "IND-ch U13"]
[Site "Gujarath"]
[Date "2016.07.26"]
[Round "7"]
[White "Shuban, Saha"]
[Black "Shah, Rishab"]
[Result "1/2-1/2"]
[WhiteElo "1768"]
[BlackElo "1949"]
[PlyCount "32"]
[EventDate "2016.07.22"]
[EventType "swiss"]
[EventRounds "11"]
[EventCountry "IND"]
[SourceTitle "EXT 2017"]
[Source "ChessBase"]
[SourceDate "2016.10.25"]
[SourceVersion "1"]
[SourceVersionDate "2016.10.25"]
[SourceQuality "1"]

1. e4 c5 2. Nf3 d6 3. d4 cxd4 4. Nxd4 Nf6 5. Nc3 g6 6. Be2 Bg7 7. 0-0 0-0 8. Re1 Nc6 9. Nb3 Be6 10. Bf1 d5 11. Nc5 d4 12. Nxe6 fxe6 13. Nb1 Kh8 14. Nd2 Qc7 15. Nb3 Rad8 16. Nc5 Qc8 1/2-1/2

[Event "Mumbai Wealth op U13"]
[Site "Mumbai"]
[Date "2016.02.04"]
[Round "8"]
[White "Nimdia, Ridit"]
[Black "Shuban, Saha"]
[Result "1/2-1/2"]
[WhiteElo "1567"]
[BlackElo "1885"]
[PlyCount "62"]
[EventDate "2016.01.28"]
[EventType "swiss"]
[EventRounds "9"]
[EventCountry "IND"]
[SourceTitle "CBM 170 Extra"]
[Source "ChessBase"]
[SourceDate "2016.02.25"]
[SourceVersion "1"]
[SourceVersionDate "2016.02.25"]
[SourceQuality "1"]

1. d4 Nf6 2. Nf3 g6 3. Nc3 d5 4. Bf4 c6 5. Qd2 Bg7 6. h3 Na6 7. Bh6 0-0 8. Bxg7 Kxg7 9. e3 Nc7 10. Bd3 Nce8 11. Ne5 Nd6 12. f3 Qb6 13. Na4 Qc7 14. g4 Nd7 15. Nxd7 Bxd7 16. h4 Nc4 17. Bxc4 dxc4 18. Kf2 Rad8 19. Qc3 b5 20. Nc5 Kg8 21. Rag1 f6 22. g5 h5 23. gxf6 Rxf6 24. Ne4 Re6 25. Nc5 Rf6 26. Ne4 Re6 27. Nc5 Rf6 28. Ne4 Re6 29. Nc5 Rf6 30. Ne4 Re6 31. Nc5 Rf6 1/2-1/2

[Event "Mumbai Wealth op U13"]
[Site "Mumbai"]
[Date "2016.01.30"]
[Round "3"]
[White "Shuban, Saha"]
[Black "Nikam, Sudhanshu"]
[Result "1/2-1/2"]
[WhiteElo "1885"]
[BlackElo "1528"]
[PlyCount "86"]
[EventDate "2016.01.28"]
[EventType "swiss"]
[EventRounds "9"]
[EventCountry "IND"]
[SourceTitle "CBM 170 Extra"]
[Source "ChessBase"]
[SourceDate "2016.02.25"]
[SourceVersion "1"]
[SourceVersionDate "2016.02.25"]
[SourceQuality "1"]

1. e4 e5 2. Nf3 Nf6 3. Nc3 Bb4 4. d3 d5 5. exd5 Nxd5 6. Bd2 Bxc3 7. bxc3 0-0 8. Be2 Nc6 9. 0-0 Bf5 10. Rb1 Rb8 11. c4 Nb6 12. Bc3 e4 13. Ne5 Nxe5 14. Bxe5 exd3 15. Bxd3 Be6 16. Qe2 Nd7 17. Rfd1 Re8 18. f4 f6 19. Ba1 Qe7 20. Qf2 c5 21. Qh4 Nf8 22. Re1 Qc7 23. Qg3 Kh8 24. Re3 Qf7 25. Rbe1 Bd7 26. Bc3 Rxe3 27. Rxe3 Re8 28. Kf2 Bc6 29. Bd2 Qh5 30. Rxe8 Qxe8 31. Be3 b6 32. h4 Be4 33. f5 Bxd3 34. cxd3 Qd7 35. Qb8 Kg8 36. Bf4 Qxf5 37. Kg1 Qxd3 38. Bd6 Qd4+ 39. Kh2 Qxh4+ 40. Kg1 Qe1+ 41. Kh2 Qh4+ 42. Kg1 Qd4+ 43. Kh2 Qh4+ 1/2-1/2

[Event "IND-ch U13 29th"]
[Site "Gurgaon"]
[Date "2015.09.06"]
[Round "10"]
[White "Shuban, Saha"]
[Black "Shelke, Sankarsha"]
[Result "1/2-1/2"]
[WhiteElo "1731"]
[BlackElo "2034"]
[PlyCount "76"]
[EventDate "2015.08.30"]
[EventType "swiss"]
[EventRounds "11"]
[EventCountry "IND"]
[SourceTitle "EXT 2016"]
[Source "ChessBase"]
[SourceDate "2015.10.08"]
[SourceVersion "1"]
[SourceVersionDate "2015.10.08"]
[SourceQuality "1"]

1. e4 c5 2. Nf3 e6 3. d4 cxd4 4. Nxd4 a6 5. Nc3 Qc7 6. g3 Nc6 7. Nb3 Nf6 8. Bg2 Be7 9. 0-0 0-0 10. h3 b5 11. f4 d6 12. g4 Bb7 13. Be3 b4 14. Ne2 Rac8 15. Ng3 Nd7 16. g5 Qd8 17. h4 Nb6 18. Qe2 Re8 19. Rad1 Qc7 20. h5 Bf8 21. Kh2 Ne7 22. Qf2 Nc4 23. Bc1 a5 24. Nd4 Ba6 25. b3 Nb6 26. Rfe1 e5 27. Nf3 exf4 28. Bxf4 Nc6 29. Bh3 Rcd8 30. g6 fxg6 31. hxg6 h6 32. Nh5 Bc8 33. Bxc8 Nxc8 34. Nh4 Ne5 35. Bxe5 Rxe5 36. Nf5 d5 37. Nhg3 Nd6 38. Rxd5 Nxf5 1/2-1/2

[Event "IND-ch U11"]
[Site "Odisha"]
[Date "2014.07.28"]
[Round "7"]
[White "Shuban, Saha"]
[Black "Shelke, Sankarsha"]
[Result "0-1"]
[WhiteElo "1658"]
[BlackElo "1857"]
[PlyCount "58"]
[EventDate "2014.07.24"]
[EventType "swiss"]
[EventRounds "11"]
[EventCountry "IND"]
[SourceTitle "CBM 161 Extra"]
[Source "ChessBase"]
[SourceDate "2014.08.29"]
[SourceVersion "1"]
[SourceVersionDate "2014.08.29"]
[SourceQuality "1"]

1. e4 c5 2. Nf3 e6 3. d4 cxd4 4. Nxd4 a6 5. Bd3 Nf6 6. Qe2 d6 7. 0-0 Qc7 8. Be3 Be7 9. Nd2 0-0 10. f4 Nbd7 11. g4 b5 12. g5 Ne8 13. Rf3 g6 14. Qf2 e5 15. N4b3 exf4 16. Bxf4 Ne5 17. Bxe5 dxe5 18. Qg3 Ng7 19. a4 Be6 20. axb5 axb5 21. Rff1 Nh5 22. Qe3 Bc4 23. Kh1 Nf4 24. Bxc4 bxc4 25. Qc3 Bxg5 26. Qxc4 Qd7 27. Qc3 f6 28. Nf3 Qh3 29. Qd2 Rxa1 0-1